Central & eastern European logistics marketview (Record no. 109914)
[ view plain ]
| 000 -LEADER | |
|---|---|
| fixed length control field | 01337cad a22002535a 4500 |
| 001 - CONTROL NUMBER | |
| control field | E148149 |
| 008 - FIXED-LENGTH DATA ELEMENTS--GENERAL INFORMATION | |
| fixed length control field | 090805s2009 xxkad f s 000 0 eng d |
| 035 ## - SYSTEM CONTROL NUMBER | |
| System control number | (Sirsi) u148149 |
| 041 0# - LANGUAGE CODE | |
| Language code of text/sound track or separate title | eng |
| 050 04 - LIBRARY OF CONGRESS CALL NUMBER | |
| Classification number | 333.33 $2 18 |
| 110 2# - MAIN ENTRY--CORPORATE NAME | |
| Corporate name or jurisdiction name as entry element | CB Richard Ellis |
| 9 (RLIN) | 3675 |
| 245 00 - TITLE STATEMENT | |
| Title | Central & eastern European logistics marketview |
| Medium | [electronic resource] |
| 260 ## - PUBLICATION, DISTRIBUTION, ETC. | |
| Place of publication, distribution, etc. | London |
| Name of publisher, distributor, etc. | CBRE |
| Date of publication, distribution, etc. | 2009 |
| 490 #0 - SERIES STATEMENT | |
| Series statement | CB Richard Ellis CEE Logistics Marketview |
| Volume/sequential designation | July 2009 |
| 505 2# - FORMATTED CONTENTS NOTE | |
| Formatted contents note | Foreword -- Executive summary -- Introduction -- Trade patterns -- Drivers of demand for developer-led logistics space -- CEE developer-led logistics space landscape -- Outlook by major CEE logistics market -- Definitions -- Regional contacts -- CEE country contacts |
| 520 ## - SUMMARY, ETC. | |
| Summary, etc. | Looks at the developer-led logistics market in central and eastern Europe (CEE), suggesting that despite the current economic downturn, demand for logistics space in CEE remains healthy due to its central location and attractiveness for manufacturing, amongst other things. |
| 521 ## - TARGET AUDIENCE NOTE | |
| Target audience note | Advanced |
| 590 ## - LOCAL NOTE (RLIN) | |
| Local note | KA |
| 650 24 - SUBJECT ADDED ENTRY--TOPICAL TERM | |
| Topical term or geographic name entry element | CB RICHARD ELLIS CEE LOGISTICS MARKETVIEW |
| 651 #4 - SUBJECT ADDED ENTRY--GEOGRAPHIC NAME | |
| Geographic name | Europe |
| 690 ## - LOCAL SUBJECT ADDED ENTRY--TOPICAL TERM (OCLC, RLIN) | |
| Topical term or geographic name as entry element | PROPERTY-COMMERCIAL PROPERTY-COMMERCIAL PROPERTY MARKET |
| 856 40 - ELECTRONIC LOCATION AND ACCESS | |
| Uniform Resource Identifier | <a href="https://www.cbre.co.uk/">https://www.cbre.co.uk/</a> |
| Public note | View the report free of charge under research at www.cbre.co.uk... |
| 942 ## - ADDED ENTRY ELEMENTS (KOHA) | |
| Suppress in OPAC | 0 |
| Withdrawn status | Lost status | Source of classification or shelving scheme | Damaged status | Not for loan | Home library | Current library | Shelving location | Date acquired | Total Checkouts | Full call number | Barcode | Date last seen | Copy number | Price effective from | Koha item type |
|---|---|---|---|---|---|---|---|---|---|---|---|---|---|---|---|
| Dewey Decimal Classification | Virtual | Virtual | Online | 05/08/2009 | ONLINE PUBLICATION | 148149-2001 | 06/08/2019 | 1 | 06/08/2019 | Book |